| 000 | 00486nam a22001817a 4500 | ||
|---|---|---|---|
| 003 | OSt | ||
| 005 | 20160414190312.0 | ||
| 008 | 160414b xxu||||| |||| 00| 0 eng d | ||
| 020 | _a9982300539 | ||
| 040 | _cDDC. | ||
| 082 | _a321.8CHI 1995. | ||
| 100 |
_aChiluba,J.T.Chiluba; _97990 |
||
| 245 |
_aDemocracy; _bThe change of change. |
||
| 260 |
_aLusaka-Zambia. _bMultimedia Publications. _c1995. |
||
| 300 |
_axii,169p; _bill; _c20cm. |
||
| 650 |
_aDemocracy. _91184 |
||
| 942 |
_2ddc _cSLOAN |
||
| 999 |
_c3578 _d3578 |
||